000 00643cam a22002293a 4500
001 28685
003 PGUSA
005 20140828083623.0
008 090504s2009||||xxu|||||s|||||000 | eng d
040 _aPGUSA
_beng
042 _adc
050 4 _aPT
100 1 _aMühlbach, L.
_q(Luise),
_d1814-1873
245 1 0 _aKuuriruhtinas ja Raharuhtinas
_h[electronic resource] /
_cL. Mühlbach
260 _bProject Gutenberg,
_c2009
506 _aPublic domain in the USA.
516 _aElectronic text
700 1 _aWenell, Klas Benjamin
830 0 _aProject Gutenberg
_v28685
856 4 0 _uhttp://www.gutenberg.org/ebooks/28685
942 _cEB
999 _c257940
_d257940